Estadísticas para Prueba de Aragón

Haz click aquí para intentar la prueba.

Estadísticas generales

  • Esta prueba ha sido intentada 1.361 veces
  • La puntuación promedio es 11 de 16

Estadísticas de respuestas

PreguntaRespuesta% Correcto
Capital y ciudad más pobladaZaragoza
99%
Este río con la más longitud completamente en España fluye por AragónEbro
93%
Segunda ciudad más pobladaHuesca
91%
Rey que unificó Castilla y AragónFernando II
90%
Otro idioma regional de AragónAragonés
82%
Cordillera septentrionalLos Pirineos
82%
El baile más asociado con AragónJota
81%
Autor de La maja desnuda y La maja vestidaFrancisco de Goya
72%
Mayores partidos políticos aragonesesPartido de los Socialistas
71%
Idioma regional que se habla en la franja oriental de AragónCatalán
65%
Primer ganador español de un Premio Nobel de Medicina, un padre de la neurocienciaSantiago Ramón y Cajal
59%
Mayores partidos políticos aragonesesPartido Popular
57%
Estilo de arte hispano-musulmánMudéjar
52%
Uno de las coletillas más famosas y populares de Aragón¡Co!
34%
Primer rey de AragónRamiro I
24%
Con el crecimiento del eremitismo, entre los siglos IX y XVI, más de 30 de estas estructuras se contruyeron en AragónMonasterios
23%

Distribución de puntuación

Porcentaje por número respondido

Porcentaje de gente con cada puntuación

Historial de tus puntuaciones

No has intentado esta prueba.